[Event "ECC"]
[Site "Halkidiki GRE"]
[Date "2002.09.24"]
[Round "3"]
[White "Kobalia,M"]
[Black "Palac,M"]
[Result "1/2-1/2"]
[WhiteElo "2625"]
[BlackElo "2564"]
[EventDate "2002.09.22"]

1. e4 c5 2. Nf3 d6 3. d4 cxd4 4. Nxd4 Nf6 5. f3 e5 6. Nb3 d5 7. Bg5 Be6 8.
Bxf6 gxf6 9. exd5 Qxd5 10. Qxd5 Bxd5 11. Nc3 Be6 12. O-O-O Nd7 13. Nd5
O-O-O 14. Bb5 f5 15. Rhe1 Bh6+ 16. Kb1 Nb6 17. Ne7+ Kb8 18. Rxd8+ Rxd8 19.
Bd3 Bf8 20. Nxf5 Rxd3 21. cxd3 Bxf5 22. Rxe5 Bxd3+ 23. Ka1 Kc7 24. Re3 Bg6
25. Rc3+ Kb8 26. Nc5 Bg7 27. Rc1 Bh6 28. Rd1 Kc7 29. a3 Kc6 30. Nd3 Nc4 31.
Ka2 a5 32. b3 Nd6 33. Ne5+ Kc7 34. h4 Bg7 35. Rc1+ Kd8 36. Nxg6 fxg6 37. h5
Nb5 38. Rh1 g5 39. Rd1+ Ke7 40. Rd3 Nc3+ 41. Kb2 Ne2+ 42. Kc2 Nf4 43. Re3+
Kd6 44. g4 Be5 45. Re1 Ne6 46. Rd1+ Kc6 47. Kd3 Nc5+ 48. Kc2 Ne6 49. Kd3
Kd5 50. Kc2+ Bd4 51. Re1 Bc5 52. Rd1+ Kc6 53. Kb2 h6 54. Rc1 Kd6 55. Rd1+
Ke7 56. Re1 Kf6 57. Re4 Bd4+ 58. Kc2 Be5 59. Re3 Nd4+ 60. Kd3 Nxb3 61. Ke4
Nd4 62. Kd5 Bf4 63. Re1 Nxf3 64. Re6+ Kg7 65. Re7+ Kf6 66. Re6+ Kg7 67.
Re7+ Kf6 68. Re6+ 1/2-1/2

[Event "ECC"]
[Site "Halkidiki GRE"]
[Date "2002.09.24"]
[Round "3"]
[White "Belozerov,A"]
[Black "Lugovoi,A"]
[Result "1/2-1/2"]
[WhiteElo "2541"]
[BlackElo "2516"]
[EventDate "2002.09.22"]

1. d4 Nf6 2. c4 e6 3. Nf3 d5 4. Nc3 Be7 5. Bg5 h6 6. Bxf6 Bxf6 7. e3 O-O 8.
Qb3 c6 9. Be2 Nd7 10. O-O b6 11. a4 Rb8 12. Rfd1 Bb7 13. cxd5 cxd5 14. Rdc1
a6 15. Na2 Rc8 16. Nb4 Nb8 17. Nd3 Rxc1+ 18. Rxc1 Nc6 19. Nde5 Nxe5 20.
dxe5 Be7 21. Nd4 a5 22. Qb5 Bc5 23. Nb3 Bb4 24. Nd4 Bc5 25. Nb3 Bb4 26. Nd4
1/2-1/2

[Event "ECC"]
[Site "Halkidiki GRE"]
[Date "2002.09.24"]
[Round "3"]
[White "Tiviakov,S"]
[Black "Sax,G"]
[Result "1/2-1/2"]
[WhiteElo "2628"]
[BlackElo "2511"]
[EventDate "2002.09.22"]

1. e4 c5 2. Nf3 e6 3. d4 cxd4 4. Nxd4 Nf6 5. Nc3 d6 6. Be3 Be7 7. Be2 a6 8.
a4 Nc6 9. O-O O-O 10. f4 Qc7 11. Kh1 Re8 12. Bf3 Na5 13. Bg1 Bf8 14. Nde2
Nd7 15. Qe1 b6 16. Rd1 Bb7 17. Qf2 Rac8 18. b3 Nc6 19. Rd2 Nb4 20. Rfd1 d5
21. exd5 1/2-1/2

[Event "ECC"]
[Site "Halkidiki GRE"]
[Date "2002.09.24"]
[Round "3"]
[White "Groszpeter,A"]
[Black "Stanojoski,Z"]
[Result "0-1"]
[WhiteElo "2491"]
[BlackElo "2479"]
[EventDate "2002.09.22"]

1. e4 c5 2. Nf3 Nc6 3. d4 cxd4 4. Nxd4 g6 5. c4 Bg7 6. Be3 Nf6 7. Nc3 d6 8.
Be2 O-O 9. O-O Bd7 10. Qd2 a5 11. f3 a4 12. Ndb5 Qa5 13. Rac1 Rfc8 14. Rfd1
Ne5 15. Na3 h5 16. Ncb5 Qxd2 17. Rxd2 Bxb5 18. Nxb5 Ned7 19. g3 Kh7 20. Kf2
Nc5 21. Nc3 a3 22. b3 Ng4+ 23. fxg4 Bxc3 24. Rdc2 Bb2 25. Rf1 hxg4 26. Bxc5
Rxc5 27. Bxg4 b5 28. Be2 b4 29. Rd2 Kg7 30. Rfd1 Be5 31. Rd5 Rh8 32. Kg2 e6
33. Rxc5 dxc5 34. Rd7 Kf6 35. h4 Bd4 36. Bg4 Rh7 37. Kf3 Rh8 38. Ke2 Rf8
39. Bf3 Ke5 40. Bg2 f5 41. exf5 Rxf5 42. Bf3 Kf6 43. g4 Re5+ 44. Kd2 g5 45.
hxg5+ Kxg5 46. Be2 Re4 47. Rd8 Kf4 48. Rf8+ Ke5 49. Kd1 Bc3 50. Rf3 Kd6 51.
Rd3+ Ke7 52. Rf3 Re5 53. Rh3 Rg5 54. Rh5 Rg8 55. Rh3 Rd8+ 56. Rd3 Rh8 57.
Rf3 Rh2 58. Rf1 Rg2 59. Rf3 e5 60. Rf5 Ke6 61. Rf8 e4 62. Rf5 Kd6 63. g5
Rg1+ 64. Bf1 Ke6 65. Rf2 Bd4 66. Rf8 Rxg5 67. Be2 Rg1+ 68. Rf1 Rg2 69. Kd2
Bf6 70. Rh1 Ke5 71. Ke1 Kf4 72. Kf1 Rg8 73. Rh2 Bd4 74. Rg2 Rh8 75. Bd1
Rh1+ 76. Ke2 Bc3 77. Rf2+ Kg3 78. Rf1 Rh2+ 79. Ke3 Rxa2 80. Kxe4 Rf2 81.
Rg1+ Rg2 0-1

[Event "ECC"]
[Site "Halkidiki GRE"]
[Date "2002.09.24"]
[Round "3"]
[White "Stojanovski,D"]
[Black "Horvath,Gy"]
[Result "1-0"]
[WhiteElo "2416"]
[BlackElo "2435"]
[EventDate "2002.09.22"]

1. e4 Nc6 2. d4 d5 3. Nc3 e6 4. Nf3 Nf6 5. e5 Ne4 6. Ne2 f6 7. Ng3 f5 8. c3
Be7 9. Bd3 b6 10. h4 a5 11. Nh5 g6 12. Nf4 Qd7 13. g4 Ba6 14. gxf5 gxf5 15.
Bxa6 Rxa6 16. Ng5 Bxg5 17. Qh5+ Qf7 18. hxg5 Qxh5 19. Rxh5 Nd8 20. f3 1-0

[Event "ECC"]
[Site "Halkidiki GRE"]
[Date "2002.09.24"]
[Round "3"]
[White "Baklan,V"]
[Black "Rasic,D"]
[Result "1/2-1/2"]
[WhiteElo "2614"]
[BlackElo "2342"]
[EventDate "2002.09.22"]

1. e4 e6 2. d4 d5 3. Nc3 dxe4 4. Nxe4 Nd7 5. Nf3 Ngf6 6. Nxf6+ Nxf6 7. c3
h6 8. Bd3 Bd6 9. Be3 Qe7 10. Ne5 O-O 11. Qf3 Rd8 12. O-O-O Nd5 13. h4 Nxe3
14. fxe3 Rb8 15. g4 Bxe5 16. Qe4 f5 17. Qxe5 Qd6 18. Rhg1 Qxe5 19. dxe5 Kf7
20. gxf5 exf5 21. Bc4+ Be6 22. Bxe6+ Kxe6 23. Rxg7 Rxd1+ 24. Kxd1 c6 25.
Ke2 Kxe5 26. Rh7 a5 27. Rxh6 Rg8 28. Kf3 Rd8 29. Rh7 b5 30. Re7+ Kf6 31.
Rc7 Rd6 32. b3 Ke5 33. Re7+ Kf6 34. Rh7 Ke5 35. Re7+ Kf6 36. Ra7 Rd3 37.
Ke2 Rxc3 38. Kd2 Rc5 39. Rxa5 Rd5+ 40. Ke2 Rd8 41. Ra6 Rd6 42. Kf3 Ke5 43.
a4 bxa4 44. Ra5+ Kf6 45. Rxa4 c5 46. Rc4 Rd3 47. Rxc5 Rxb3 48. Rc6+ Ke5 49.
Rh6 Rb1 50. Rh8 Kf6 51. Rf8+ Kg6 52. Rg8+ Kf7 53. Rg2 Rh1 54. Kg3 Kg6 55.
Rh2 Rg1+ 56. Kf3 Kh5 57. Rf2 Rg4 58. Ke2 Kg6 59. h5+ Kg5 60. Rh2 Kh6 61.
Kf3 Ra4 62. Rh3 Rb4 63. Kg3 f4+ 64. exf4 Rb3+ 65. Kg4 1/2-1/2

[Event "ECC"]
[Site "Halkidiki GRE"]
[Date "2002.09.24"]
[Round "3"]
[White "Bischoff,K"]
[Black "Avrukh,B"]
[Result "1-0"]
[WhiteElo "2554"]
[BlackElo "2582"]
[EventDate "2002.09.22"]

1. Nf3 c5 2. c4 Nc6 3. Nc3 e5 4. d3 Nge7 5. g3 d5 6. Bg2 dxc4 7. Qa4 cxd3
8. Nxe5 Bd7 9. Nxd7 Qxd7 10. exd3 Nd4 11. Qxd7+ Kxd7 12. O-O Nec6 13. Be3
Be7 14. Bxd4 Nxd4 15. Bxb7 Rab8 16. Bd5 Rxb2 17. Rab1 Rhb8 18. Rxb2 Rxb2
19. Bxf7 Nf3+ 20. Kg2 Ne5 21. Bg8 h6 22. Re1 Rc2 23. Rxe5 Rxc3 24. Bc4 Rc2
25. h4 Bf6 26. Rf5 Kd6 27. Kh3 Rc1 28. Kg4 Re1 29. f4 Re3 30. Kh3 Re1 31.
Rh5 Re3 32. Kg2 Re2+ 33. Kf3 Rh2 34. Rf5 Rh1 35. Rd5+ Kc6 36. Rh5 Bd4 37.
g4 Rf1+ 38. Ke4 Re1+ 39. Kf5 Rf1 40. g5 hxg5 41. hxg5 Be3 42. Rh4 Rf2 43.
Rg4 Kd6 44. Ke4 Bc1 45. Rh4 Bd2 46. a4 a5 47. Kf5 Bc1 48. Rg4 Bd2 49. Bg8
Bc1 50. Bb3 Rf3 51. Bc4 Rf2 52. Kg6 Bb2 53. f5 Be5 54. Rg1 Bd4 55. Re1 Be5
56. Rb1 Rg2 57. Rb6+ Kd7 58. Bb5+ Kd8 59. Re6 Bd4 60. Rd6+ Kc8 61. Ra6 Rg1
62. Bc4 Kb7 63. Re6 Kc7 64. Bb5 Kb7 65. Re7+ Kc8 66. Re8+ Kc7 67. Re6 Kb7
68. Bc4 Kc7 69. Bd5 Bc3 70. Kh5 Kd7 71. Bc6+ Kc7 72. Bb5 Bd4 73. f6 gxf6
74. gxf6 Rf1 75. Kg6 Rg1+ 76. Kf7 Kd8 77. Bc4 Rf1 78. Rd6+ Kc7 79. Rxd4 1-0

[Event "ECC"]
[Site "Halkidiki GRE"]
[Date "2002.09.24"]
[Round "3"]
[White "Huzman,A"]
[Black "Horvath,Jo"]
[Result "1/2-1/2"]
[WhiteElo "2591"]
[BlackElo "2535"]
[EventDate "2002.09.22"]

1. Nf3 Nf6 2. c4 c5 3. Nc3 Nc6 4. d4 cxd4 5. Nxd4 e6 6. g3 Bc5 7. Nb3 Be7
8. Bg2 O-O 9. O-O b6 10. Nd4 Bb7 11. Bf4 Qc8 12. b3 Rd8 13. Nxc6 Bxc6 14.
Qd3 1/2-1/2

[Event "ECC"]
[Site "Halkidiki GRE"]
[Date "2002.09.24"]
[Round "3"]
[White "Roiz,M"]
[Black "Steflitsch,E"]
[Result "1-0"]
[WhiteElo "2507"]
[BlackElo "2399"]
[EventDate "2002.09.22"]

1. d4 Nf6 2. Nf3 d5 3. c4 dxc4 4. e3 Bg4 5. h3 Bh5 6. Nc3 e6 7. g4 Bg6 8.
Ne5 Nbd7 9. Nxg6 hxg6 10. Bxc4 c6 11. Bd2 Bb4 12. Qf3 Nd5 13. Bb3 Qf6 14.
Qg3 Qh4 15. Qg2 O-O-O 16. O-O-O N7b6 17. Kb1 Nf6 18. Ka1 Rd7 19. g5 Nh7 20.
f4 Rhd8 21. Rc1 Nf8 22. Be1 Qh8 23. Bg3 a6 24. Ne4 Nd5 25. Qe2 Qh5 26. Qf2
Ne7 27. Bd1 Qh8 28. Qc2 Nf5 29. Bf2 Rc7 30. Qb3 Be7 31. Be2 Nd7 32. Be1 1-0

[Event "ECC"]
[Site "Halkidiki GRE"]
[Date "2002.09.24"]
[Round "3"]
[White "Pilaj,H"]
[Black "Vydeslaver,A"]
[Result "0-1"]
[WhiteElo "2312"]
[BlackElo "2430"]
[EventDate "2002.09.22"]

1. Nf3 Nf6 2. c4 g6 3. Nc3 d5 4. cxd5 Nxd5 5. Qa4+ Bd7 6. Qc2 Nb6 7. d4 Bg7
8. Bf4 O-O 9. Rd1 Qc8 10. e3 c5 11. d5 e6 12. dxe6 Bxe6 13. Ng5 Nc6 14.
Nxe6 Qxe6 15. Be2 Nb4 16. Qb3 Rfd8 17. O-O Qxb3 18. axb3 Bxc3 19. Rxd8+
Rxd8 20. bxc3 N4d5 21. Rd1 Rc8 22. Be5 Re8 23. c4 Rxe5 24. cxd5 Rxd5 25.
Rxd5 Nxd5 26. Bf3 Nb6 27. Bxb7 a5 28. Kf1 c4 29. bxc4 a4 30. Be4 a3 31. Bb1
Na4 32. c5 Nxc5 33. Ke2 Ne4 34. Kd3 Nxf2+ 35. Kc3 Ng4 36. Kb3 Nxh2 37. Kxa3
Ng4 38. e4 Ne3 0-1

[Event "ECC"]
[Site "Halkidiki GRE"]
[Date "2002.09.24"]
[Round "3"]
[White "Tseitlin,Ma"]
[Black "Titz,Hei"]
[Result "1-0"]
[WhiteElo "2472"]
[BlackElo "2309"]
[EventDate "2002.09.22"]

1. e4 c5 2. Nf3 e6 3. Nc3 a6 4. g3 Nc6 5. Bg2 Nf6 6. O-O Qc7 7. d3 d6 8.
Ng5 h6 9. Nh3 Be7 10. f4 Bd7 11. Nf2 O-O-O 12. a3 e5 13. Bd2 Nd4 14. b4 Kb8
15. Rb1 Rc8 16. a4 c4 17. b5 a5 18. Ne2 Nxe2+ 19. Qxe2 b6 20. Be3 Ka7 21.
d4 Be6 22. c3 Rhg8 23. h3 g5 24. fxg5 hxg5 25. g4 Nh7 26. Nh1 f6 27. Ng3
Nf8 28. Nh5 Nd7 29. Rbd1 Bf7 30. Rd2 Qb7 31. Ng3 Be6 32. Nf5 Bxf5 33. exf5
e4 34. d5 Rge8 35. Rd4 Nc5 36. Rxc4 Qxd5 37. Rd1 Qf7 38. Bxc5 d5 39. Bxe7
Rxc4 40. Qxc4 1-0

[Event "ECC"]
[Site "Halkidiki GRE"]
[Date "2002.09.24"]
[Round "3"]
[White "Krasenkow,M"]
[Black "Rama,L"]
[Result "1-0"]
[WhiteElo "2662"]
[BlackElo "2348"]
[EventDate "2002.09.22"]

1. Nf3 Nf6 2. c4 g6 3. Nc3 Bg7 4. e4 d6 5. d4 O-O 6. h3 e5 7. d5 a5 8. Bg5
Na6 9. Be2 Qe8 10. Nd2 Nd7 11. g4 f6 12. Be3 f5 13. gxf5 gxf5 14. exf5 Nf6
15. Nde4 Nxe4 16. Nxe4 Bxf5 17. Bh5 Bxe4 18. Bxe8 Bxh1 19. Bh5 Be4 20. Kd2
c6 21. Qg4 Bf5 22. Qg2 Kh8 23. Rg1 Bf6 24. Bg5 Bg7 25. Be7 Bh6+ 26. Kd1 Nb4
27. Bxf8 Bc2+ 28. Ke2 Bd3+ 29. Ke1 Rxf8 30. Bf7 Bg6 31. Bxg6 Rg8 32. Qe4
1-0

[Event "ECC"]
[Site "Halkidiki GRE"]
[Date "2002.09.24"]
[Round "3"]
[White "Kempinski,R"]
[Black "Karkanaqe,I"]
[Result "1-0"]
[WhiteElo "2587"]
[BlackElo "2375"]
[EventDate "2002.09.22"]

1. c4 c5 2. Nf3 Nf6 3. g3 d5 4. cxd5 Nxd5 5. Bg2 Nc6 6. O-O e5 7. Nc3 Nc7
8. b3 Be7 9. Bb2 O-O 10. Rc1 f6 11. Ne1 Qd7 12. Nd3 b6 13. f4 Ba6 14. fxe5
Bxd3 15. exf6 Rxf6 16. exd3 Rxf1+ 17. Qxf1 Rf8 18. Qe2 Bf6 19. Rf1 Bd4+ 20.
Kh1 Rxf1+ 21. Qxf1 Ne5 22. Be4 g6 23. Kg2 Kg7 24. Ba1 Qf7 25. Qxf7+ Kxf7
26. Bb2 Ne6 27. Ba3 Nc7 28. b4 Na6 29. bxc5 Bxc5 30. Bxc5 Nxc5 31. Bd5+ Ne6
32. d4 Nd7 33. Nb5 a5 34. Nc7 Ndf8 35. Kf2 Ke7 36. Bxe6 Nxe6 37. Nd5+ Kf7
38. Nxb6 Nxd4 39. Ke3 Nc6 40. Ke4 Ke6 41. Nc4 a4 42. a3 Na7 43. Kd4 1-0

[Event "ECC"]
[Site "Halkidiki GRE"]
[Date "2002.09.24"]
[Round "3"]
[White "Savchenko,S"]
[Black "Couso,L"]
[Result "1-0"]
[WhiteElo "2537"]
[BlackElo "2345"]
[EventDate "2002.09.22"]

1. d4 Nf6 2. Nf3 e6 3. c4 b6 4. g3 Bb7 5. Bg2 Be7 6. O-O O-O 7. Re1 d5 8.
cxd5 exd5 9. Nc3 Nbd7 10. Bf4 Ne4 11. Qc2 c5 12. dxc5 Nxc3 13. c6 Bxc6 14.
Qxc3 Rc8 15. Rac1 Nc5 16. Be5 Ne4 17. Qd3 Bc5 18. Bd4 Bb7 19. Red1 Re8 20.
e3 Qd7 21. Bxc5 Rxc5 22. Nd4 Qa4 23. Qb3 Qxb3 24. Nxb3 Rxc1 25. Nxc1 Kf8
26. Ne2 Nf6 27. Nc3 Rd8 28. f3 Rc8 29. g4 h6 30. Kf2 Rc5 31. Bf1 Nd7 32. h4
Ne5 33. Rd4 a6 34. Be2 b5 35. a4 bxa4 36. Rxa4 a5 37. Rd4 Nc4 38. Bxc4 Rxc4
39. Rxc4 dxc4 40. e4 Ke7 41. Ke3 Kd6 42. Kd4 Ba6 43. f4 g6 44. g5 hxg5 45.
hxg5 Ke6 46. Kc5 f6 47. gxf6 Kxf6 48. Nd5+ Kf7 49. Kb6 Bc8 50. Kxa5 Bg4 51.
Kb4 Be2 52. Kc5 1-0

[Event "ECC"]
[Site "Halkidiki GRE"]
[Date "2002.09.24"]
[Round "3"]
[White "Bergstrom,P"]
[Black "Timoshenko,G"]
[Result "0-1"]
[WhiteElo "2306"]
[BlackElo "2528"]
[EventDate "2002.09.22"]

1. e4 e5 2. Nf3 Nc6 3. d4 exd4 4. Nxd4 Bc5 5. Nxc6 Qf6 6. Qd2 dxc6 7. Qf4
Qd6 8. Bc4 Be6 9. Bb3 Ne7 10. Nc3 Ng6 11. Qxd6 cxd6 12. O-O O-O-O 13. Bd2
b5 14. Rfe1 Rhe8 15. Be3 Bxe3 16. Rxe3 a5 17. f3 Kc7 18. Rd3 Ne5 19. Rd2 g5
20. Bxe6 fxe6 21. b3 Rf8 22. Rf2 Kb6 23. Ne2 Ng6 24. a4 b4 25. Rd1 e5 26.
Ng3 d5 27. Rfd2 d4 28. Nf5 Nh4 29. Nxh4 gxh4 30. Rf1 c5 31. g3 Rg8 32. Kg2
Rdf8 33. Kh3 hxg3 34. hxg3 Rf6 35. f4 c4 36. bxc4 Kc5 37. Rd3 Kxc4 38. Rfd1
exf4 39. Rxd4+ Kc3 40. R4d3+ Kb2 41. R1d2 Rh6+ 42. Kg2 Rxg3+ 43. Rxg3 fxg3
44. Kxg3 Kc3 45. Re2 Kd4 46. Kf4 Rf6+ 47. Kg3 Ke5 48. Rh2 Kxe4 49. Rh4+ Ke3
50. Rxh7 Rg6+ 51. Kh4 Kd2 52. Rc7 Rg1 53. Rc5 Ra1 54. Rxa5 Kxc2 55. Rc5+
Kd3 0-1

[Event "ECC"]
[Site "Halkidiki GRE"]
[Date "2002.09.24"]
[Round "3"]
[White "Kuzmin,G"]
[Black "Lindberg,Bo"]
[Result "1/2-1/2"]
[WhiteElo "2512"]
[BlackElo "2284"]
[EventDate "2002.09.22"]

1. e4 c5 2. Nf3 Nc6 3. d4 cxd4 4. Nxd4 e5 5. Nb5 a6 6. Nd6+ Bxd6 7. Qxd6
Qf6 8. Qxf6 Nxf6 9. Nc3 Nb4 10. Kd2 d5 11. a3 d4 12. axb4 dxc3+ 13. Ke3 Be6
14. f3 Rc8 15. b3 O-O 16. Be2 Rfd8 17. Rd1 Rxd1 18. Bxd1 Ne8 19. Ra5 f6 20.
Be2 Nd6 21. Bd3 Kf7 22. b5 Nxb5 23. Bxb5 axb5 24. Rxb5 Rc7 25. Kd3 Bd7 26.
Rb6 f5 27. b4 Be6 28. Be3 Bc4+ 29. Kxc3 Bf1+ 30. Bc5 Bxg2 31. exf5 Bxf3 32.
Kd3 Rd7+ 33. Ke3 Bd1 34. Ke4 Bxc2+ 35. Kxe5 Bd1 36. Kf4 Bb3 37. h4 Bd1 38.
Bd6 g6 39. fxg6+ hxg6 40. Be5 Bc2 41. b5 Bd3 42. Ke3 Rd5 43. Bd4 Bxb5 44.
Rf6+ Ke7 45. Rxg6 Be8 46. Rb6 Rb5 1/2-1/2

[Event "ECC"]
[Site "Halkidiki GRE"]
[Date "2002.09.24"]
[Round "3"]
[White "Rygaard,Mic"]
[Black "Shneider,A"]
[Result "1/2-1/2"]
[WhiteElo "2255"]
[BlackElo "2506"]
[EventDate "2002.09.22"]

1. d4 Nf6 2. Nf3 e6 3. e3 c5 4. Bd3 b6 5. O-O Bb7 6. Nbd2 Nc6 7. c3 cxd4 8.
exd4 Be7 9. Qe2 O-O 10. Re1 d6 11. Ne4 Nb8 12. Nxf6+ Bxf6 13. Bf4 Be7 14.
Be4 Bxe4 15. Qxe4 Nd7 16. a4 Nf6 17. Qe2 Qd7 18. Bg5 a6 19. Red1 d5 20. Ne5
Qc7 21. Rd3 Ne4 22. Bxe7 Qxe7 23. Rh3 b5 24. a5 Rfc8 25. Nd3 Rc4 26. Ne5
Ra4 27. Qd1 Rxa1 28. Qxa1 Rc8 29. Nd3 Rc4 30. Nb4 Qd6 31. Qe1 Nf6 32. Re3
Nd7 33. h3 h6 34. Rg3 Nb8 35. Qe3 Rc8 36. Qf3 Nc6 37. Qg4 g6 38. Nd3 Kh7
39. b4 Ne7 40. Nc5 Nf5 41. Rd3 Kg7 1/2-1/2

[Event "ECC"]
[Site "Halkidiki GRE"]
[Date "2002.09.24"]
[Round "3"]
[White "Banikas,H"]
[Black "Kovacevic,A"]
[Result "1-0"]
[WhiteElo "2521"]
[BlackElo "2551"]
[EventDate "2002.09.22"]

1. d4 Nf6 2. c4 e6 3. Nc3 Bb4 4. e3 O-O 5. Nge2 d5 6. a3 Be7 7. Nf4 dxc4 8.
Bxc4 c5 9. O-O Nc6 10. d5 exd5 11. Nfxd5 Nxd5 12. Bxd5 Qd6 13. e4 Be6 14.
Be3 Rad8 15. Qa4 Rd7 16. Rad1 Rfd8 17. f4 Bxd5 18. Nxd5 Bf8 19. f5 Qb8 20.
f6 g6 21. Bf4 Qc8 22. Rfe1 Re8 23. b4 cxb4 24. axb4 Nxb4 25. Ne7+ Bxe7 26.
Rxd7 Bf8 27. Rc7 Qe6 28. Qd7 Qxf6 29. Qxe8 Qxf4 30. Rc8 Qh6 31. e5 Nd3 32.
e6 1-0

[Event "ECC"]
[Site "Halkidiki GRE"]
[Date "2002.09.24"]
[Round "3"]
[White "Ilincic,Z"]
[Black "Marjanovic,S"]
[Result "1/2-1/2"]
[WhiteElo "2532"]
[BlackElo "2485"]
[EventDate "2002.09.22"]

1. d4 d5 2. c4 e6 3. Nf3 dxc4 4. e4 b5 5. a4 c6 6. b3 Bb4+ 7. Bd2 Bxd2+ 8.
Qxd2 cxb3 9. axb5 Nf6 10. Nc3 O-O 11. Ne5 cxb5 12. Bxb5 Qb6 13. Nc4 Qc7 14.
e5 Nd5 15. Nxd5 exd5 16. Ne3 Bd7 17. Be2 Be6 18. O-O Nc6 19. Rfb1 Rab8 20.
Ra4 f6 21. exf6 Rxf6 22. Bd1 Rbf8 23. f3 Rh6 24. g3 Kh8 25. Rxb3 Rhf6 26.
Rb5 Qd7 27. Rc5 Bg8 28. f4 Be6 29. Qc3 Bh3 30. Rxd5 Qf7 31. Rh5 Bd7 32. d5
Ne7 33. Rxa7 Nf5 34. Nxf5 Rxf5 35. Rxf5 Qxf5 36. Ba4 Qb1+ 37. Kf2 Qb6+ 38.
Qe3 Qb2+ 39. Qe2 Qb6+ 40. Qe3 Qb2+ 41. Qe2 Qb6+ 1/2-1/2

[Event "ECC"]
[Site "Halkidiki GRE"]
[Date "2002.09.24"]
[Round "3"]
[White "Mastrovasilis,A"]
[Black "Solak,D"]
[Result "1/2-1/2"]
[WhiteElo "2461"]
[BlackElo "2515"]
[EventDate "2002.09.22"]

1. c4 g6 2. g3 Bg7 3. Bg2 d6 4. Nc3 c5 5. Nf3 Nc6 6. O-O Nh6 7. d4 cxd4 8.
Bxh6 Bxh6 9. Nxd4 Nxd4 10. Qxd4 O-O 11. Rfd1 Bg7 1/2-1/2

[Event "ECC"]
[Site "Halkidiki GRE"]
[Date "2002.09.24"]
[Round "3"]
[White "Tzermiadianos,And"]
[Black "Nevednichy,V"]
[Result "1/2-1/2"]
[WhiteElo "2440"]
[BlackElo "2537"]
[EventDate "2002.09.22"]

1. e4 g6 2. d4 Bg7 3. Nc3 c6 4. f4 d5 5. e5 Nh6 6. Nf3 f6 7. h3 Nf5 8. Bd3
Ng3 9. Rg1 f5 10. Be3 b6 11. Qd2 e6 12. Ng5 Bf8 13. Qf2 Ne4 14. Ngxe4 dxe4
15. Bc4 b5 16. Bb3 a5 17. a4 b4 18. Ne2 Na6 19. g4 Nc7 20. gxf5 exf5 21. d5
Nxd5 22. O-O-O Be7 23. Bc5 Be6 24. Bxe7 Qxe7 25. Nd4 Rc8 26. Nxe6 Qxe6 27.
Qc5 Kf7 28. Qa7+ Qe7 29. Qxa5 Kg7 30. Bxd5 cxd5 31. Qxd5 Rhd8 32. Qb5 Rc5
33. Qb6 Rdc8 34. Rg2 R5c6 35. Qb5 Qc7 36. Kb1 Kh6 37. Qe2 Qa7 38. Qe1 Qe7
39. Rgd2 R8c7 40. h4 Kg7 41. h5 g5 42. fxg5 Qxg5 43. Qh1 Kf7 44. Rg2 Qf4
45. Rf1 Qxe5 46. h6 Ke6 47. Qh5 Rf7 48. Rg8 Rcc7 49. Re8+ Rfe7 50. Rf8 Rf7
51. Re8+ Rce7 52. Ra8 Rd7 53. Re8+ Rfe7 54. Rf8 Rf7 55. Re8+ 1/2-1/2

[Event "ECC"]
[Site "Halkidiki GRE"]
[Date "2002.09.24"]
[Round "3"]
[White "Lazic,Mi"]
[Black "Pinchuk,S"]
[Result "1/2-1/2"]
[WhiteElo "2459"]
[BlackElo "2425"]
[EventDate "2002.09.22"]

1. d4 Nf6 2. c3 g6 3. Bg5 Bg7 4. Nd2 O-O 5. e4 d6 6. Ngf3 c5 7. dxc5 dxc5
8. Bc4 Nc6 9. Qe2 Na5 10. Bd3 Qc7 11. h3 h6 12. Be3 c4 13. Nxc4 Nxc4 14.
Bxc4 Nxe4 15. O-O Nd6 1/2-1/2

[Event "ECC"]
[Site "Halkidiki GRE"]
[Date "2002.09.24"]
[Round "3"]
[White "Volokitin,And"]
[Black "Gofshtein,Z"]
[Result "1-0"]
[WhiteElo "2545"]
[BlackElo "2519"]
[EventDate "2002.09.22"]

1. e4 e5 2. Nf3 Nc6 3. Bb5 a6 4. Ba4 Nf6 5. O-O Be7 6. Re1 b5 7. Bb3 d6 8.
c3 O-O 9. h3 Na5 10. Bc2 c5 11. d4 Nd7 12. Nbd2 exd4 13. cxd4 Nc6 14. d5
Nce5 15. Nxe5 Nxe5 16. a4 Bd7 17. f4 Ng6 18. Nf3 bxa4 19. Bxa4 Bxa4 20.
Rxa4 Qd7 21. f5 Ne5 22. Nxe5 dxe5 23. Bd2 Bh4 24. Rf1 Rfb8 25. Bc3 f6 26.
Ra5 Bg5 27. Qd3 Qd6 28. Rfa1 Rb6 29. Kf2 g6 30. fxg6 hxg6 31. Qc4 f5 32.
Rxc5 Rf8 33. Rc6 fxe4+ 34. Ke2 Qb8 35. d6+ Kh7 36. Rxb6 Qxb6 37. Qc7+ Qxc7
38. dxc7 1-0

[Event "ECC"]
[Site "Halkidiki GRE"]
[Date "2002.09.24"]
[Round "3"]
[White "Kantsler,B"]
[Black "Gritsak,O"]
[Result "1/2-1/2"]
[WhiteElo "2487"]
[BlackElo "2542"]
[EventDate "2002.09.22"]

1. e4 c5 2. c3 d5 3. exd5 Qxd5 4. d4 Nf6 5. Nf3 e6 6. Be3 cxd4 7. cxd4 Bb4+
8. Nc3 Nbd7 9. Bd3 b6 10. O-O Bxc3 11. bxc3 Bb7 12. Qe2 O-O 13. Rab1 Qa5
14. c4 Be4 15. Rfc1 Rac8 16. Bxe4 Nxe4 17. Qd3 Nef6 18. Bd2 Qa6 19. Rc2
Rfd8 20. Qe2 h6 21. Bb4 Re8 22. h3 Qa4 23. Rb3 Nf8 24. Bd6 Qc6 25. c5 N8d7
26. Ne5 Nxe5 27. Bxe5 Nd5 28. Rg3 f6 29. Bd6 Qd7 30. Qh5 Ne7 31. Bxe7 Rxe7
32. Qh4 Kh8 33. Rgc3 1/2-1/2

[Event "ECC"]
[Site "Halkidiki GRE"]
[Date "2002.09.24"]
[Round "3"]
[White "Finkel,A"]
[Black "Kozakov,M"]
[Result "0-1"]
[WhiteElo "2485"]
[BlackElo "2450"]
[EventDate "2002.09.22"]

1. e4 e5 2. Nc3 Nf6 3. g3 d5 4. exd5 Nxd5 5. Bg2 Nxc3 6. bxc3 Bd6 7. Nf3
O-O 8. O-O c5 9. d4 Nc6 10. Be3 cxd4 11. cxd4 Bg4 12. d5 Na5 13. Qd3 Bxf3
14. Bxf3 f5 15. Bg2 Qc7 16. Rab1 b6 17. Bd2 Nc4 18. Bc3 Rac8 19. Rfd1 e4
20. Qe2 Ne3 21. Qxe3 Qxc3 22. Qxc3 Rxc3 23. Rd2 Rfc8 24. Rb2 Kf7 25. Bf1
Kf6 26. Bb5 R8c5 27. a4 Ke5 28. Bc6 g5 29. Kf1 f4 30. Ke2 h5 31. Kd1 h4 32.
gxf4+ gxf4 33. Re2 R5c4 34. Bd7 Rd4+ 35. Rd2 Bc5 0-1

[Event "ECC"]
[Site "Halkidiki GRE"]
[Date "2002.09.24"]
[Round "3"]
[White "Firman,N"]
[Black "Bitansky,I"]
[Result "1/2-1/2"]
[WhiteElo "2494"]
[BlackElo "2337"]
[EventDate "2002.09.22"]

1. e4 e5 2. Nf3 Nc6 3. Bb5 a6 4. Ba4 Nf6 5. O-O Be7 6. Re1 b5 7. Bb3 O-O 8.
a4 b4 9. d4 d6 10. c3 bxc3 11. bxc3 Bg4 12. Be3 exd4 13. cxd4 d5 14. e5 Ne4
15. Nbd2 Nxd2 16. Qxd2 Bb4 17. Qc2 Bxf3 18. Qxc6 Bxe1 19. gxf3 Rb8 20. Bxd5
Rb6 21. Qc4 Bc3 22. Rc1 Bb2 23. Rc2 a5 24. Be4 Rb4 25. Qc6 Qe7 26. Rc4 Rxc4
27. Qxc4 Rd8 28. Bxh7+ Kxh7 29. Qc2+ Kg8 30. Qxb2 Qe6 31. Qc2 c6 32. Kg2
Rb8 33. h4 g6 34. Qc5 Qd5 35. Qe7 Qd8 36. Qa7 Ra8 37. Qb7 Qc8 38. Qb6 Qd7
39. Bg5 Re8 40. Bf6 Qd5 41. Qa7 Qc4 42. Qd7 Qe6 43. Qd6 Qd5 44. Kg3 Ra8 45.
Qe7 Qe6 46. Qb7 Re8 47. Qb6 Qc4 48. h5 Qc1 49. hxg6 Qg1+ 50. Kf4 Qc1+ 51.
Kf5 Qc2+ 52. Kf4 Qc1+ 53. Kg3 Qg1+ 54. Kf4 1/2-1/2

[Event "ECC"]
[Site "Halkidiki GRE"]
[Date "2002.09.24"]
[Round "3"]
[White "Chuchelov,V"]
[Black "Palo,D"]
[Result "1/2-1/2"]
[WhiteElo "2591"]
[BlackElo "2394"]
[EventDate "2002.09.22"]

1. c4 c5 2. Nf3 Nc6 3. d4 cxd4 4. Nxd4 g6 5. e4 Bg7 6. Be3 Nf6 7. Nc3 O-O
8. Be2 d6 9. O-O Bd7 10. Qd2 Nxd4 11. Bxd4 Bc6 12. f3 a5 13. b3 Nd7 14. Be3
Nc5 15. Rac1 Qb6 16. Nb5 Rfc8 17. Rfd1 Qd8 18. Bf1 Qf8 19. Nc3 Nd7 20. Rc2
Be5 21. Kh1 Bg7 22. Re1 h6 23. Ne2 Kh7 24. Nd4 Nc5 25. Rd1 h5 26. Qe1 Bd7
27. Bf2 Bf6 28. Rcc1 Qh6 29. Nb5 Qg7 30. Nc3 Bc6 31. Be3 Ne6 32. Qd2 Qh8
33. Rc2 Qf8 34. Re1 Bg7 35. g3 Nc5 36. Bg2 Nd7 37. f4 Nf6 38. h3 Nd7 39. e5
Bxg2+ 40. Kxg2 Rd8 41. exd6 Nf6 42. Nd5 exd6 43. Nxf6+ Bxf6 44. Bb6 Re8 45.
Bxa5 Rxe1 46. Qxe1 Qc8 47. Bb4 Qc6+ 48. Kh2 d5 49. Qh1 Qb6 50. a3 dxc4 51.
bxc4 Rd8 52. Qf3 h4 53. gxh4 Bxh4 54. f5 Qc7+ 55. Kh1 Rd4 56. fxg6+ fxg6
57. Rd2 Rf4 58. Qd3 Qc6+ 59. Qd5 Rxc4 60. Qxc6 bxc6 61. Kg2 c5 62. Rd7+ Kg8
63. Bd2 1/2-1/2

[Event "ECC"]
[Site "Halkidiki GRE"]
[Date "2002.09.24"]
[Round "3"]
[White "Boe,M"]
[Black "Kishnev,S"]
[Result "0-1"]
[WhiteElo "2390"]
[BlackElo "2497"]
[EventDate "2002.09.22"]

1. e4 c5 2. c3 d5 3. exd5 Qxd5 4. d4 Nf6 5. Nf3 e6 6. Be3 cxd4 7. cxd4 Nc6
8. Nc3 Qd6 9. a3 Be7 10. Bd3 O-O 11. O-O b6 12. Rc1 Bb7 13. Bb1 Rfd8 14.
Qd3 g6 15. Rfd1 Rac8 16. Ba2 Ng4 17. Qe4 Nxe3 18. Qxe3 Bf6 19. Ne4 Qe7 20.
Nxf6+ Qxf6 21. d5 exd5 22. Bxd5 Na5 23. Rxc8 Rxc8 24. Bxb7 Nxb7 25. Rc1
Rxc1+ 26. Qxc1 Nc5 27. h4 Nd3 28. Qc3 Qxc3 29. bxc3 Kg7 30. Kf1 Kf6 31. g3
Ne5 32. Nd2 Ke6 33. f4 Ng4 34. Ke2 Kd5 35. a4 f5 36. Kd3 Nf2+ 37. Kc2 Ne4
38. Nf1 Kc5 0-1